000 00672nam a22002417a 4500
003 OSt
005 20240614101542.0
008 240614b |||||||| |||| 00| 0 eng d
020 _a9780387987934
028 _aSpringer
040 _cMUST
082 _a519 NOC 1999
100 _aNocedal, Jorge
_917062
245 _aNumerical optimization
260 _aNew York
_bSpringer
_c1999
300 _axx, 636p.
_bill.
_c24cm
440 _aSpringer series in operations research
_92548
504 _aReferences and indexes included
650 _2Mathematical Optimization
700 _aWright, Stephen J
_917175
800 _aGlynn, Peter
_917176
942 _2ddc
_cO_SHELF
999 _c8449
_d8449